000 00779nam a2200217Ia 4500
003 GCL
008 140319s9999 xx 000 0 ara d
040 _aGCL /
_cGCL
082 0 4 _a415.5
_bا ش
100 1 _aالاسترابادى، محمد رضى الدين بن
245 1 0 _aشرح شاقية ابن الحاجب: مع شرح شواهدة /
_cالاسترابادى، محمد رضى الدين بن
700 1 _aمحمد نور الحسن
700 1 _aمحمد الزقراف
700 1 _aمحمد محيى الدين عبدالحميد
300 _aمتعدد
490 _a
650 0 4 _aاللغة العربية - الالفاظ
650 0 4 _aاللغة العربية - النحو
650 0 4 _aاللغة العربية - الصرف
942 _2ddc
_cBK
999 _c38789
_d38789